[Event "HUN-ch U14"]
[Site "Budapest"]
[Date "2020.10.30"]
[Round "9"]
[White "Palczert, Matyas"]
[Black "Bacsi, Kristof"]
[Result "1-0"]
[WhiteElo "2132"]
[BlackElo "1949"]
[PlyCount "79"]
[EventDate "2020.10.24"]
[EventType "tourn"]
[EventRounds "9"]
[EventCountry "HUN"]
[SourceTitle "CBM 199 Extra"]
[Source "ChessBase"]
[SourceDate "2021.01.31"]
[SourceVersion "1"]
[SourceVersionDate "2021.01.31"]
[SourceQuality "1"]

1. e4 e6 2. d4 d5 3. exd5 exd5 4. Nf3 Nf6 5. Bd3 Bd6 6. Qe2+ Qe7 7. Qxe7+ Kxe7 8. 0-0 Re8 9. Bg5 Be6 10. Nbd2 h6 11. Bh4 Nbd7 12. Rae1 Kf8 13. Ne5 c5 14. Bg3 Bxe5 15. dxe5 Nh5 16. f4 Nxg3 17. hxg3 Bg4 18. c4 dxc4 19. Nxc4 Re7 20. a4 Nb6 21. Ne3 Bd7 22. a5 Na4 23. b3 Nc3 24. Rc1 Nb5 25. Rxc5 a6 26. Nd5 Ree8 27. Nb6 Rad8 28. Nxd7+ Rxd7 29. Bxb5 axb5 30. Rfc1 b4 31. R5c4 Rd3 32. Rxb4 Rd5 33. Rxb7 Rxa5 34. Rcc7 f6 35. Rf7+ Kg8 36. Rxg7+ Kh8 37. Rh7+ Kg8 38. Rbg7+ Kf8 39. exf6 Re1+ 40. Kf2 1-0

[Event "HUN-ch U14"]
[Site "Budapest"]
[Date "2020.10.28"]
[Round "7"]
[White "Szalay Ocsak, Bank"]
[Black "Bacsi, Kristof"]
[Result "1-0"]
[WhiteElo "2091"]
[BlackElo "1949"]
[PlyCount "35"]
[EventDate "2020.10.24"]
[EventType "tourn"]
[EventRounds "9"]
[EventCountry "HUN"]
[SourceTitle "CBM 199 Extra"]
[Source "ChessBase"]
[SourceDate "2021.01.31"]
[SourceVersion "1"]
[SourceVersionDate "2021.01.31"]
[SourceQuality "1"]

1. e4 e6 2. d4 d5 3. Nc3 dxe4 4. Nxe4 Nd7 5. Nf3 Ngf6 6. Bd3 c5 7. 0-0 Be7 8. Nxc5 Nxc5 9. dxc5 Bxc5 10. Qe2 0-0 11. Ne5 b6 12. Bg5 Bb7 13. Rad1 Qc7 14. Bxf6 gxf6 15. Bxh7+ Kh8 16. Qh5 fxe5 17. Be4+ Kg7 18. Qg5+ 1-0

[Event "HUN-ch U14"]
[Site "Budapest"]
[Date "2020.10.25"]
[Round "2"]
[White "Bilku, Andras"]
[Black "Bacsi, Kristof"]
[Result "0-1"]
[WhiteElo "1910"]
[BlackElo "1949"]
[PlyCount "82"]
[EventDate "2020.10.24"]
[EventType "tourn"]
[EventRounds "9"]
[EventCountry "HUN"]
[SourceTitle "CBM 199 Extra"]
[Source "ChessBase"]
[SourceDate "2021.01.31"]
[SourceVersion "1"]
[SourceVersionDate "2021.01.31"]
[SourceQuality "1"]

1. Nf3 d5 2. g3 Nf6 3. Bg2 c5 4. 0-0 Nc6 5. d4 cxd4 6. Nxd4 e5 7. Nxc6 bxc6 8. c4 Be6 9. Nc3 Qd7 10. cxd5 cxd5 11. Bg5 e4 12. Qd4 Be7 13. f3 Rc8 14. Kh1 h6 15. Bf4 Bc5 16. Qa4 e3 17. Rfd1 d4 18. Be5 Qxa4 19. Nxa4 Bb4 20. Bxd4 Bd2 21. b3 h5 22. h3 Nd7 23. f4 Rg8 24. Rf1 Nf6 25. f5 Bd7 26. Bb7 Rc7 27. Ba6 Nd5 28. Bc4 Nb4 29. Be5 Rxc4 30. bxc4 Bxa4 31. Rf4 Ke7 32. f6+ gxf6 33. Bxf6+ Ke6 34. Bh4 f5 35. a3 Nc6 36. Rb1 Bc2 37. Rb7 Bd1 38. Rh7 Bxe2 39. Rh6+ Kd7 40. Rh7+ Kc8 41. Rxf5 Bd3 0-1